ბათუმის შოთა რუსთაველის სახელმწიფო უნივერსიტეტის ბიბლიოთეკა

წერილები სტამბოლის ქართული სავანიდან I : (ბიბ.ჩანაწერი № 53623)

000 -ლიდერი
ფიქსირებული სიგრძის საკონტროლო ველი 03226nam a2200349Ia 4500
001 - საკონტროლო ნომერი
საკონტროლო ველი 20670
003 - საკონტროლო ნომრის იდენტიფიკატორი
საკონტროლო ველი GE_BSU
005 - ბოლო ოპერაციის თარიღი და დრო
საკონტროლო ველი 20220211133645.0
008 - ფიქსირებული სიგრძის მონაცემთა ელემენტები - ზოგადი ინფორმაცია
ფიქსირებული სიგრძის საკონტროლო ველი 181216s2017||||ge |||||||||||||| ||geo||
020 ## - წიგნის საერთაშორისო სტანდარტული ნომერი
International Standard Book Number 9789941099519
040 ## - კატალოგიზაციის წყარო
Transcribing agency GE_BSU
041 ## - ენის კოდი
Language code of text/sound track or separate title geo
080 ## - უნივერსალური ათობითი კლასიფიკაციის ინდექსი
Universal Decimal Classification number 008.1(479.22:560)+272/273(=353.1)(560) წ-40
245 ## - ცნობა სათაურის შესახებ
Title წერილები სტამბოლის ქართული სავანიდან I :
Remainder of title /
Statement of responsibility, etc შუშანა ფუტკარაძე, როინ მალაყმაძე, თამილა ლომთათიძე და სხვ. ; რედ. ემერეტუს-პროფესორი შუშანა ფუტკარაძე ; რეზიუმისა და სტატიების თარგმანანი თამარ სირაძისა.
264 ## - წარმოების, გამოცემის, დისტრიბუციის და სხვა ცნობები
გამოცემის, წარმოების, დისტრიბუციის... ადგილი თბილისი :
გამოცემის, წარმოების, დისტრიბუციის... სახელწოდება სამშობლო,
გამოცემის, წარმოების, დისტრიბუციის... თარიღი 2017.
300 ## - ფიზიკური აღწერა
Extent 1032 გვ. ;
Other physical details ილ. ;
Dimensions 28 სმ.
500 ## - ზოგადი შენიშვნა
General note წინამდებარე კრებული -,,წერილები სტამბოლის ქართული სავანიდან I-საინტერესო წიგნი იქნება მკითხველთა ფართო წრისათვის.იგი ბევრ ახალ ცნობას მიაწვდის ისტორიის, ეთნოგრაფიის, ენათმეცნიერების, ლიტერატურის მცოდნეობის, თურქეთ-საქართველოს კულტურული ურთიერთობის უახლესი ისტორიის საკითხებით დაინტერესებულ მკვლევარებს
500 ## - ზოგადი შენიშვნა
General note პირთა საძიებელი : გვ.1012-1028
500 ## - ზოგადი შენიშვნა
General note პირთა ფოტო მასალის სარჩევი : გვ:1029-1032
505 ## - FORMATTED CONTENTS NOTE
Statement of responsibility წიგნი ეძღვნება სტამბოლის ქართული სავანის ამაგდარი პიროვნების მამა-შვილ პავლე და სიმონ ზაზაძეების ხსოვნას
653 ## - INDEX TERM--UNCONTROLLED
Uncontrolled term ცივილიზაცია
653 ## - INDEX TERM--UNCONTROLLED
Uncontrolled term კულტურა
653 ## - INDEX TERM--UNCONTROLLED
Uncontrolled term პროგრესი
653 ## - INDEX TERM--UNCONTROLLED
Uncontrolled term რელიგია
700 ## - ADDED ENTRY--PERSONAL NAME
Personal name ფუტკარაძე, შუშანა
Relator term ავტორი
9 (RLIN) 1978
700 ## - ADDED ENTRY--PERSONAL NAME
Personal name მალაყმაძე, როინ
Relator term ავტორი
9 (RLIN) 4544
700 ## - ADDED ENTRY--PERSONAL NAME
Personal name ლომთათიძე, თამილა
Relator term ავტორი
9 (RLIN) 10264
700 ## - ADDED ENTRY--PERSONAL NAME
Personal name ფუტკარაძე, შუშანა
Relator term რედაქტორი
9 (RLIN) 1978
710 ## - ADDED ENTRY--CORPORATE NAME
Corporate name or jurisdiction name as entry element ბათუმის შოთა რუსთაველის სახელობის უნივერსიტეტი
Relator term ნიკო ბერძენიშვილის ინსტიტუტი
9 (RLIN) 10265
942 ## - ADDED ENTRY ELEMENTS (KOHA)
Koha item type წიგნი
Source of classification or shelving scheme
ეგზემპლარები
ჩამოწერის სტატუსი დაკარგული ეგზემპლარის სტატუსი კლასიფიკაციის წყარო ან თაროზე გაწყობის სქემა დაზიანების სტატუსი არ გაიცემა მუდმივი მდებარეობა (დაცვის ადგილი) ამჟამინდელი ადგილსამყოფელი თაროზე განთავსების ადგილი შეძენის თარიღი ღირებულება, შესყიდვის ნორმალური ფასი სრული შენახვის შიფრი შტრიხკოდი ბოლო ოპერაციის თარიღი ეგზემპლარის მიმდევრობითი ნომერი (კეტერი?) ფასის ძალაში შესვლის თარიღი ეგზემპლარის სახეობა საჯარო შენიშვნა
          ბათუმის შოთა რუსთაველის სახელმწიფო უნივერსიტეტის მთავარი ბიბლიოთეკა ბათუმის შოთა რუსთაველის სახელმწიფო უნივერსიტეტის მთავარი ბიბლიოთეკა წიგნსაცავი 2018-12-17 49.00 94(=353.1)(560)+008.1(479.22:560)+272/273(=353.1)(560) წ-40 53916 2018-12-17 53916 2018-12-17 წიგნი 49.00 ლ.
          ბათუმის შოთა რუსთაველის სახელმწიფო უნივერსიტეტის მთავარი ბიბლიოთეკა ბათუმის შოთა რუსთაველის სახელმწიფო უნივერსიტეტის მთავარი ბიბლიოთეკა წიგნსაცავი 2018-12-17 49.00 94(=353.1)(560)+008.1(479.22:560)+272/273(=353.1)(560) წ-40 53917 2018-12-17 53917 2018-12-17 წიგნი 49.00 ლ.
          ბათუმის შოთა რუსთაველის სახელმწიფო უნივერსიტეტის მთავარი ბიბლიოთეკა ბათუმის შოთა რუსთაველის სახელმწიფო უნივერსიტეტის მთავარი ბიბლიოთეკა წიგნსაცავი 2018-12-17 49.00 94(=353.1)(560)+008.1(479.22:560)+272/273(=353.1)(560) წ-40 53918 2018-12-17 53918 2018-12-17 წიგნი 49.00 ლ.